Sanat - "Onnellinen loppu" - Kaija Koo - Statistics

Yleistilastot
  • Tätä visaa on pelattu 103 kertaa
  • Keskiarvotulos 144 / 215
Vastaustilastot
Vastaus % Oikein
on
100%
loppuun
95%
s'
95%
95%
95%
mut
89%
onnelliseen
89%
saat
89%
uskomaan
89%
ku
84%
kun
84%
tarkoitus
84%
tulit
84%
et
79%
että
79%
ja
79%
joka
79%
jokaisella
79%
minun
79%
sivullani
79%
tarina
79%
tarinaan
79%
luet
74%
luottamaan
74%
se
74%
Vasta
74%
vasta
74%
ei
68%
Ei
68%
kai
68%
mun
68%
oo
68%
tää
68%
aina
63%
harhaillut
63%
huono
63%
johtaa
63%
jonnekin
63%
Minä
63%
olen
63%
onni
63%
päättymätön
63%
sinut
63%
tie
63%
vuosia
63%
haluaa
58%
koko
58%
leijaillut
58%
58%
olet
58%
sydän
58%
tähän
58%
tuulissa
58%
yksin
58%
en
53%
irti
53%
karkoitus
53%
kuuluvaa
53%
mulle
53%
oon
53%
rikkonut
53%
rikottu
53%
tunne
53%
enää
47%
jää
47%
kohdannut
47%
kohtaloita
47%
kokemuksia
47%
lähtis
47%
monta
47%
muuttamaan
47%
peloilleni
47%
tämä
47%
kanssas
42%
kartta
42%
kompassi
42%
kovia
42%
monia
42%
niitäkään
42%
viereeni
42%
eksyn
37%
jos
37%
kokonaan
37%
kotonaan
37%
luulin
37%
minut
37%
näin
37%
oot
37%
Sivujuonia
37%
tarvita
37%
toi
37%
voi
37%
uskonut
32%
aio
26%
hukkaan
26%
kipu
26%
mee
26%
täynnä
26%
virheitä
26%
jotain
21%
Kaunis
21%
piilottaa
21%
suurempaa
21%
niistä
16%
teet
16%
Ehtoja vastaavia visoja ei löytynyt
Tulosjakauma
Jokaisen tuloksen saaneiden osuus
Persentiili vastausten määrän mukaan
Tuloshistoriasi
Et ole pelannut tätä visaa